Democracia e sistema de justiça : (Record no. 30)

MARC details
000 -LÍDER
Campo Fixo de Controle 00972cam a2200265 a 4500
001 - NÚMERO DE CONTROLE
Campo de Controle 30
003 - IDENTIFICAÇÃO DO NÚMERO DE CONTROLE
Campo de Controle BR-CuiBMT
005 - DATA E HORA DA ÚLTIMA ATUALIZAÇÃO
Campo de Controle 20231109230810.0
008 - DADOS FIXOS
Dados Fixos 230804s2020 mgb 000 0 por d
020 ## - INTERNATIONAL STANDARD BOOK NUMBER
Nº do ISBN 9788545007180
040 ## - AGÊNCIA CATALOGADORA
Código da Agência Catalogadora BR-CuiBMT
Agência que transcreveu o registro BR-CuiBMT
080 ## - Nº DA CLASSIFICAÇÃO DECIMAL UNIVERSAL
Nº edição CDU 2007
Nº Class. CDU 321.7:34
090 ## - NÚMERO DE CHAMADA
Nº classificação 321.7:34
Cutter D383
245 10 - TÍTULO PRINCIPAL
Título principal Democracia e sistema de justiça :
Subtítulo obra em homenagem aos 10 anos do ministro Dias Toffoli no Supremo Tribunal Federal /
Indicação de responsabilidade Alexandre de Moraes, André Luiz de Almeida Mendonça, coordenadores.
260 ## - PUBLICAÇÃO, DISTRIBUIÇÃO, ETC.
Local de publicação Belo Horizonte :
Editora Fórum,
Data 2020.
300 ## - DESCRIÇÃO FÍSICA
N. páginas ou volumes 696 p. ;
Ilustrações 24 cm
504 ## - NOTA DE BIBLIOGRAFIA, ETC.
Nota de bibliografia Inclui bibliografia.
600 1# - ASSUNTO -- NOME PESSOAL
Nome pessoal Toffoli, Dias
Subdivisão geral Ministro do Supremo Tribunal Federal
610 1# - ASSUNTO -- ENTIDADE
Nome da Entidade ou lugar Brasil.
Unidade subordinada Supremo Tribunal Federal.
650 ## - ASSUNTO TÓPICO
Cabeçalho tópico ou nome geográfico Direito constitucional
650 ## - ASSUNTO TÓPICO
Cabeçalho tópico ou nome geográfico Democracia
Subdivisão geral Aspectos jurídicos
700 1# - ENTRADA SECUNDÁRIA -- NOME PESSOAL
Nome pessoal Moraes, Alexandre de,
Datas associadas ao nome 1968-
Cód. do termo explicativo coord.
700 1# - ENTRADA SECUNDÁRIA -- NOME PESSOAL
Nome pessoal Mendonça, André Luiz de Almeida,
Datas associadas ao nome 1972-
Cód. do termo explicativo coord.
942 ## - ELEMENTOS DE ENTRADA ADICIONAIS (KOHA)
Fonte de classificação ou esquema de arquivamento Classificação Decimal Universal
Tipo de item do Koha Livros
Holdings
Estado: removido Estado: perdido Fonte de classificação ou esquema de arquivamento Estado: danificado Indisponível para empréstimo Localização permanente Localização atual Data de aquisição Total Checkouts Número de Chamada completo Código de barras Date last seen Número do exemplar Preço efetivo a partir de Tipo de item (Koha)
    Classificação Decimal Universal     Biblioteca da Escola Superior de Contas do TCE/MT Biblioteca da Escola Superior de Contas do TCE/MT 28/07/2023   321.7:34 D383 BIBTCEMT23080006 04/08/2023 Ex. 1 04/08/2023 Livros

Powered by Koha